000 00759nam a2200241 i 4500
001 76690
003 ES-MaACL
005 20241119124450.0
007 t|
008 041004s1978 sp ||||1| spa d
020 _a847457028X
100 1 _aGuillén, Jorge,
_d1893-1984
_960765
245 1 0 _aCántico, 1928 /
_cJorge Guillén ; [introducción de Francisco Abad Nebot].
250 _a1ª ed.
260 _aBarcelona :
_bAnthropos,
_c1978.
300 _a120 p., 1 lám. ;
_c18 cm.
490 1 _aÁmbitos literarios. Poesía ;
_v33
700 1 _aAbad Nebot, Francisco,
_d1948-
_917931
830 0 _aÁmbitos literarios.
_pPoesía ;
_v33
_9177287
852 _aES-MaACL
_jL-9933
_bR.110816
_979566
942 _2udc
999 _c76690
_d76690